| 000 | 00527cam a2200217ua 4500 | ||
|---|---|---|---|
| 041 |
_aeng _h |
||
| 082 |
_a631.456 _bGRO/IR |
||
| 100 |
_aGross, Gwen . _95949 |
||
| 245 |
_aIrrigating the soil / _cGwen Gross. _hTextual Documents |
||
| 250 |
_a3 / _b. |
||
| 260 |
_aLondon : _bLongman Group Limited , _c1961. |
||
| 300 | _a40 ; . | ||
| 440 | 0 |
_aFarming Series, _v _x; _95950 |
|
| 490 | 0 |
_aFarming Series, _v _x; |
|
| 504 | _a | ||
| 650 |
_aSoil Science _95823 |
||
| 942 | _cBK | ||
| 999 |
_c33 _d33 |
||
| 003 | @ | ||
| 003 | OSt | ||